[Event "candidates qf (w)"]
[Site "Sofia BUL"]
[Date "1977.??.??"]
[Round "1.1"]
[White "Lemachko, Tatiana"]
[Black "Akhmylovskaya, Elena"]
[Result "1/2-1/2"]
[WhiteElo "2335"]
[BlackElo "2245"]
[EventDate "1977.05.04"]
[PlyCount "81"]

1.d4 Nf6 2.c4 e6 3.Nf3 Bb4+ 4.Bd2 Qe7 5.e3 O-O 6.Bd3 Bxd2+ 7.Nbxd2 d6 8.e4
e5 9.d5 a5 10.h3 Nbd7 11.g4 Nc5 12.Bc2 Bd7 13.Qe2 a4 14.Nb1 g6 15.Nc3 h5 
16.Nh2 hxg4 17.Nxg4 Nxg4 18.hxg4 Kg7 19.f3 Rh8 20.O-O-O Rh4 21.Rxh4 Qxh4 
22.Qe3 Rh8 23.Rf1 Qh3 24.Qf2 Qh2 25.Ne2 b5 26.b3 bxc4 27.bxc4 Qh6+ 28.Kd1 
Qg5 29.Nc3 Rh3 30.Qd2 Qh4 31.Kc1 Rh2 32.Qe3 Qh3 33.Rg1 Rh1 34.Rxh1 Qxh1+ 
35.Kd2 Qf1 36.Qe2 Qa1 37.Qd1 Qxd1+ 38.Bxd1 Kh6 39.Ke3 Kg5 40.Be2 Kh4 41.
Kf2 1/2-1/2

[Event "candidates qf (w)"]
[Site "Sofia BUL"]
[Date "1977.??.??"]
[Round "1.2"]
[White "Akhmylovskaya, Elena"]
[Black "Lemachko, Tatiana"]
[Result "1-0"]
[WhiteElo "2245"]
[BlackElo "2335"]
[EventDate "1977.05.04"]
[PlyCount "59"]

1.e4 c6 2.Nf3 d5 3.Nc3 dxe4 4.Nxe4 Nf6 5.Nxf6+ exf6 6.d4 Bd6 7.Be2 O-O 8.
O-O Bg4 9.Be3 Nd7 10.h3 Bxf3 11.Bxf3 f5 12.Qc1 Qc7 13.c4 c5 14.dxc5 Nxc5 
15.Bd5 Rfe8 16.Qc2 Ne4 17.Bd4 Rad8 18.Qd3 b6 19.Rfe1 Qc8 20.Re2 Bb8 21.
Rae1 Nd6 22.Qg3 g6 23.Qh4 Ne4 24.Bxf7+ Kxf7 25.Qxh7+ Ke6 26.Qxg6+ Ke7 27.
Qf6+ Kd7 28.Qxf5+ Kc6 29.Qxc8+ Rxc8 30.Rxe4 1-0

[Event "candidates qf (w)"]
[Site "Sofia BUL"]
[Date "1977.??.??"]
[Round "1.3"]
[White "Lemachko, Tatiana"]
[Black "Akhmylovskaya, Elena"]
[Result "1/2-1/2"]
[WhiteElo "2335"]
[BlackElo "2245"]
[EventDate "1977.05.04"]
[PlyCount "105"]

1.e4 e5 2.Nf3 Nc6 3.Bb5 a6 4.Ba4 Nf6 5.O-O Be7 6.Re1 b5 7.Bb3 d6 8.c3 O-O 
9.d4 Bg4 10.d5 Na5 11.Bc2 c6 12.h3 Bxf3 13.Qxf3 cxd5 14.exd5 Nc4 15.Nd2 
Nb6 16.Nf1 Nfd7 17.Ng3 g6 18.Bh6 Re8 19.Nf5 Nc5 20.Nxe7+ Qxe7 21.Rad1 Rac8
22.b3 Ncd7 23.Qg3 Rc5 24.Bg5 Qf8 25.Bf5 Qg7 26.b4 Rc7 27.Bc2 Rec8 28.Rd3 
f5 29.Bd2 Nf6 30.Qh4 Ne4 31.Rxe4 fxe4 32.Rg3 Rf7 33.Bg5 Na4 34.Bxa4 bxa4 
35.Qxe4 Rfc7 36.Bd2 Rc4 37.Qd3 Qf7 38.h4 Rxh4 39.Qxa6 Qf5 40.f3 Qd7 41.Qd3
Rhc4 42.a3 Qf7 43.Rh3 Qe8 44.Rg3 e4 45.fxe4 Qxe4 46.Qxe4 Rxe4 47.Rd3 Rce8 
48.Kf2 Rf8+ 49.Kg3 Rf1 50.b5 Rb1 51.Bf4 Rxb5 52.Bxd6 Kf7 53.Kf3 1/2-1/2

[Event "candidates qf (w)"]
[Site "Sofia BUL"]
[Date "1977.??.??"]
[Round "1.4"]
[White "Akhmylovskaya, Elena"]
[Black "Lemachko, Tatiana"]
[Result "1/2-1/2"]
[WhiteElo "2245"]
[BlackElo "2335"]
[EventDate "1977.05.04"]
[PlyCount "84"]

1.e4 e6 2.d4 d5 3.Nd2 c5 4.exd5 exd5 5.Ngf3 Nc6 6.Bb5 Qe7+ 7.Qe2 Qxe2+ 8.
Kxe2 cxd4 9.Nxd4 Bd7 10.N2f3 Bd6 11.Re1 Nge7 12.Kf1 O-O 13.c3 h6 14.h3 
Rfd8 15.Be3 Kf8 16.Rad1 Bc7 17.Nxc6 Bxc6 18.Nd4 Bb6 19.Be2 Ng6 20.Rd2 Ne5 
21.Nf5 Nc4 22.Bxc4 dxc4 23.Rxd8+ Rxd8 24.Bxb6 axb6 25.Nd4 Rd5 26.f4 Rd6 
27.Kf2 Rf6 28.f5 Rd6 29.g4 g5 30.h4 Kg7 31.Re3 Rd8 32.hxg5 hxg5 33.Rh3 Bd5
34.Rh5 Kf6 35.Rh6+ Ke5 36.Ke3 f6 37.Rh7 Kd6 38.Kf2 Re8 39.Kg3 Re3+ 40.Kf2 
Re4 41.Kg3 Re3+ 42.Kf2 Re4 1/2-1/2

[Event "candidates qf (w)"]
[Site "Sofia BUL"]
[Date "1977.??.??"]
[Round "1.5"]
[White "Lemachko, Tatiana"]
[Black "Akhmylovskaya, Elena"]
[Result "1/2-1/2"]
[WhiteElo "2335"]
[BlackElo "2245"]
[EventDate "1977.05.04"]
[PlyCount "114"]

1.d4 Nf6 2.c4 d6 3.Nc3 e5 4.Bg5 h6 5.Bxf6 Qxf6 6.Nd5 Qd8 7.e3 c6 8.Nc3 Be7
9.Bd3 O-O 10.Nge2 Nd7 11.Bc2 Nf6 12.Qd3 Qa5 13.O-O-O g6 14.Ng3 Rb8 15.Bb3 
Kg7 16.f4 exf4 17.exf4 Nh5 18.Nxh5+ Qxh5 19.h3 Qf5 20.Qe3 Qe6 21.Qf3 f5 
22.d5 Qf6 23.Rhe1 Bd7 24.Ba4 Rfc8 25.Qe3 Bf8 26.Qxa7 Kh8 27.dxc6 Bxc6 28.
Bxc6 bxc6 29.Qd7 Qh4 30.Rf1 Qg3 31.Rd2 Qe3 32.Rf3 Qg1+ 33.Nd1 Qc5 34.Rc3 
Re8 35.Kc2 Re4 36.Qf7 Rxf4 37.Qxg6 Rxc4 38.Qe6 Rxc3+ 39.Nxc3 Qb4 40.Kd1 
Qf4 41.Qd7 Qf1+ 42.Kc2 Qc4 43.Qxf5 Bg7 44.Qd3 Qb4 45.Kd1 d5 46.Re2 Rf8 47.
Qg3 Qc5 48.Qg6 d4 49.Ne4 Rf1+ 50.Re1 Rxe1+ 51.Kxe1 Qc1+ 52.Ke2 Qxb2+ 53.
Kf3 d3 54.Qxc6 Qe2+ 55.Kf4 Qf1+ 56.Ke3 Qe2+ 57.Kf4 Qf1+ 1/2-1/2

[Event "candidates qf (w)"]
[Site "Sofia BUL"]
[Date "1977.??.??"]
[Round "1.6"]
[White "Akhmylovskaya, Elena"]
[Black "Lemachko, Tatiana"]
[Result "1/2-1/2"]
[WhiteElo "2245"]
[BlackElo "2335"]
[EventDate "1977.05.04"]
[PlyCount "81"]

1.e4 e6 2.d4 d5 3.Nd2 c5 4.Ngf3 a6 5.exd5 exd5 6.Be2 c4 7.O-O Nc6 8.c3 Bd6
9.Re1 Nge7 10.Bf1 Bg4 11.h3 Bh5 12.b3 b5 13.bxc4 bxc4 14.Qa4 O-O 15.Ba3 
Bg6 16.Ne5 Na7 17.Nd7 Bc2 18.Qxc2 Qxd7 19.Bxd6 Qxd6 20.Re2 Nb5 21.Rae1 Qg6
22.Qc1 Nc6 23.g3 Qd6 24.Bg2 Rad8 25.Re3 Nc7 26.Qc2 Rb8 27.Nf3 Rb5 28.h4 
Qg6 29.Qe2 h6 30.Ne5 Nxe5 31.Rxe5 Qd6 32.Bh3 Rfb8 33.Qf3 Rb1 34.Kh2 Rxe1 
35.Rxe1 Qf6 36.Qxf6 gxf6 37.a4 Kf8 38.Kg2 Rb6 39.Bf5 a5 40.Kf3 Rb3 41.Re3 
1/2-1/2

[Event "candidates qf (w)"]
[Site "Sofia BUL"]
[Date "1977.??.??"]
[Round "1.7"]
[White "Lemachko, Tatiana"]
[Black "Akhmylovskaya, Elena"]
[Result "1-0"]
[WhiteElo "2335"]
[BlackElo "2245"]
[EventDate "1977.05.04"]
[PlyCount "115"]

1.d4 g6 2.c4 Bg7 3.Nc3 d6 4.e4 e5 5.d5 Na6 6.Bd3 Nc5 7.Bc2 a5 8.Be3 Ne7 9.
g4 h5 10.g5 b6 11.h4 O-O 12.Qd2 Bd7 13.O-O-O a4 14.Nge2 Qb8 15.f3 Nc8 16.
Nb5 Na7 17.Nec3 Nxb5 18.cxb5 Qa7 19.Bxc5 bxc5 20.Bxa4 Qb6 21.Qd3 Ra5 22.
Qc4 f6 23.gxf6 Rxf6 24.Rdf1 Bh6+ 25.Kb1 Be3 26.f4 Rxf4 27.Rxf4 Bxf4 28.Rg1
Kh7 29.Qf1 Qb8 30.Bd1 Qe8 31.a4 Ra8 32.Qg2 Qf7 33.Qf2 Qf6 34.b3 Bg5 35.
Qxf6 Bxf6 36.Rh1 Kh6 37.Kc2 Be7 38.Kd3 Bg4 39.Bxg4 hxg4 40.Ne2 Rf8 41.a5 
Rf3+ 42.Kc4 Kh5 43.a6 Bxh4 44.Ng3+ Kg5 45.Nf5 Rh3 46.Rc1 Rh2 47.Nxd6 Ra2 
48.Nc8 Kf4 49.d6 Bd8 50.b4 cxb4 51.dxc7 Bxc7 52.Kb3 Ra5 53.Rxc7 Rxb5 54.
Rf7+ Ke3 55.a7 Ra5 56.Kxb4 Ra1 57.Nd6 Ra6 58.Kb5 1-0

[Event "candidates qf (w)"]
[Site "Sofia BUL"]
[Date "1977.??.??"]
[Round "1.8"]
[White "Akhmylovskaya, Elena"]
[Black "Lemachko, Tatiana"]
[Result "1/2-1/2"]
[WhiteElo "2245"]
[BlackElo "2335"]
[EventDate "1977.05.04"]
[PlyCount "138"]

1.e4 d5 2.exd5 Nf6 3.d4 Nxd5 4.Nf3 Bg4 5.Be2 c6 6.O-O e6 7.c4 Nf6 8.Nc3 
Be7 9.Be3 O-O 10.Qa4 Nbd7 11.Rfd1 Qc7 12.Rac1 Bd6 13.h3 Bxf3 14.Bxf3 Bf4 
15.Bxf4 Qxf4 16.Ne2 Qg5 17.Qb3 Rab8 18.Qe3 Qxe3 19.fxe3 e5 20.g4 h6 21.Ng3
g6 22.b4 exd4 23.exd4 Rfd8 24.h4 Kg7 25.Ne2 Nf8 26.a4 a6 27.Nc3 g5 28.h5 
Ne6 29.Ne2 Rd7 30.Ng3 Rbd8 31.Nf5+ Kh7 32.d5 cxd5 33.c5 Ng7 34.Nd4 Ne6 35.
Nf5 Ng7 36.c6 bxc6 37.Rxc6 Nxf5 38.Rxf6 Ne3 39.Rb1 Ra7 40.Be2 a5 41.b5 Kg7
42.Rc6 Nc4 43.b6 Rb7 44.Rb5 Rdb8 45.Bxc4 dxc4 46.Kf2 c3 47.Ke3 Rd8 48.Rxc3
Rd6 49.Rcb3 Re7+ 50.Kf3 Rb7 51.Ke4 Re7+ 52.Re5 Rb7 53.Rxa5 Rbxb6 54.Rxb6 
Rxb6 55.Rb5 Rf6 56.Rf5 Rb6 57.Rd5 Rb1 58.Rd4 Ra1 59.Rb4 Ra2 60.Kd5 Ra1 61.
Kd4 Ra3 62.Rc4 Ra1 63.Kc3 f5 64.gxf5 Kf6 65.Kb2 Re1 66.a5 Kxf5 67.Rc6 g4 
68.Rxh6 Re5 69.a6 Ra5 1/2-1/2

[Event "candidates qf (w)"]
[Site "Sofia BUL"]
[Date "1977.??.??"]
[Round "1.9"]
[White "Lemachko, Tatiana"]
[Black "Akhmylovskaya, Elena"]
[Result "1-0"]
[WhiteElo "2335"]
[BlackElo "2245"]
[EventDate "1977.05.04"]
[PlyCount "89"]

1.d4 Nf6 2.c4 e6 3.Nc3 Bb4 4.Bg5 c5 5.d5 d6 6.e3 Bxc3+ 7.bxc3 e5 8.Bd3 
Nbd7 9.Qc2 h6 10.Bh4 Qe7 11.f3 O-O 12.Nh3 Re8 13.Nf2 Nf8 14.O-O g5 15.Bg3 
Nh5 16.Bf5 Bxf5 17.Qxf5 Ng7 18.Qh3 h5 19.f4 g4 20.Nxg4 hxg4 21.Qxg4 f5 22.
Qh3 e4 23.Qh6 Nh7 24.Bh4 Qd7 25.h3 Rf8 26.Kh2 Ne8 27.Rab1 b6 28.g4 fxg4 
29.Rg1 Nef6 30.Qg6+ Qg7 31.f5 Kh8 32.hxg4 Rg8 33.Qxg7+ Rxg7 34.g5 Nd7 35.
g6 Nhf6 36.Kg3 Rgg8 37.Rh1 Kg7 38.Rh2 Ne5 39.Bxf6+ Kxf6 40.Kf4 Nxc4 41.Rh7
Ne5 42.Rbh1 Nd3+ 43.Kxe4 Nf2+ 44.Kf4 Nxh1 45.Rf7# 1-0

[Event "candidates qf (w)"]
[Site "Sofia BUL"]
[Date "1977.??.??"]
[Round "1.10"]
[White "Akhmylovskaya, Elena"]
[Black "Lemachko, Tatiana"]
[Result "1-0"]
[WhiteElo "2245"]
[BlackElo "2335"]
[EventDate "1977.05.04"]
[PlyCount "115"]

1.c4 c6 2.Nf3 d5 3.b3 Bf5 4.Bb2 e6 5.g3 Nf6 6.Bg2 Be7 7.O-O O-O 8.d3 h6 9.
Nbd2 Nbd7 10.Rc1 a5 11.a3 Bh7 12.Rc2 Re8 13.Qa1 Bf8 14.Re1 Qb6 15.Rcc1 Ng4
16.Rf1 c5 17.e4 d4 18.Qb1 e5 19.h3 Ngf6 20.Nh2 g5 21.Qc2 Qe6 22.Rb1 Bd6 
23.Bc1 Kh8 24.Ndf3 Rg8 25.Bd2 Ne8 26.b4 axb4 27.axb4 cxb4 28.Bxb4 Bxb4 29.
Rxb4 Nd6 30.Nd2 Ra3 31.Nb3 b6 32.Rb1 Qe7 33.Nc1 Rga8 34.Bf3 R8a5 35.Bg4 f5
36.exf5 Bxf5 37.Qe2 e4 38.Nb3 Qf6 39.Nxa5 bxa5 40.Bxf5 Qxf5 41.dxe4 Qf7 
42.R4b3 Rxb3 43.Rxb3 Nc5 44.Rb8+ Kh7 45.Qb2 Qxc4 46.Qb6 Ncxe4 47.Qd8 Kg6 
48.Ng4 Qe6 49.Qh8 Kh5 50.Qxd4 Kg6 51.Rb6 h5 52.Ne5+ Kf5 53.Nd3 g4 54.Nc5 
Qe5 55.Qxe5+ Kxe5 56.Nxe4 Nxe4 57.hxg4 hxg4 58.Rb5+ 1-0

[Event "candidates qf (w)"]
[Site "Sofia BUL"]
[Date "1977.??.??"]
[Round "1.11"]
[White "Lemachko, Tatiana"]
[Black "Akhmylovskaya, Elena"]
[Result "0-1"]
[WhiteElo "2335"]
[BlackElo "2245"]
[EventDate "1977.05.04"]
[PlyCount "88"]

1.d4 Nf6 2.c4 e6 3.Nc3 Bb4 4.Bg5 c5 5.d5 Bxc3+ 6.bxc3 d6 7.e3 e5 8.f3 Nbd7
9.Bd3 Nf8 10.Ne2 Ng6 11.O-O h6 12.Bxf6 Qxf6 13.f4 exf4 14.Nxf4 Nxf4 15.
Rxf4 Qxc3 16.Rc1 Qa3 17.Re4+ Kd8 18.Rf4 f6 19.Qd2 Re8 20.Rb1 b6 21.Rb3 Qa5
22.Qf2 Bd7 23.Bg6 Re5 24.a3 Kc7 25.h4 Rd8 26.Kh2 Ba4 27.Rd3 Rd7 28.Bf5 
Rde7 29.Be6 Bd7 30.Bxd7 Kxd7 31.Rg4 Qa4 32.Kh3 Kc7 33.Rc3 Qd7 34.Kg3 Qe8 
35.Kh2 Qh5 36.Rf4 Re4 37.g3 Rxf4 38.gxf4 g5 39.Kg2 gxf4 40.e4 Rxe4 41.Qf3 
Qxf3+ 42.Kxf3 Re3+ 43.Rxe3 fxe3 44.Kxe3 b5 0-1

[Event "candidates qf (w)"]
[Site "Sofia BUL"]
[Date "1977.??.??"]
[Round "1.12"]
[White "Akhmylovskaya, Elena"]
[Black "Lemachko, Tatiana"]
[Result "1/2-1/2"]
[WhiteElo "2245"]
[BlackElo "2335"]
[EventDate "1977.05.04"]
[PlyCount "163"]

1.Nf3 Nf6 2.b3 d6 3.d4 g6 4.Bb2 Bg7 5.g3 Bf5 6.Bg2 Qc8 7.h3 O-O 8.Nbd2 Nc6
9.g4 Bd7 10.c4 Ne8 11.e4 Nb4 12.Qb1 f5 13.a3 fxe4 14.Nxe4 Nc6 15.Qd3 a6 
16.Bc3 Nd8 17.d5 Bxc3+ 18.Nxc3 e5 19.Ng5 Nf6 20.Nce4 Kg7 21.O-O Nxe4 22.
Nxe4 Nf7 23.Rfc1 Qd8 24.c5 dxc5 25.Nxc5 b6 26.Nxa6 Ra7 27.Nb4 Nd6 28.Qe3 
Qf6 29.Nc6 Bxc6 30.Rxc6 Rf7 31.Rac1 g5 32.a4 Qf4 33.Re1 Re7 34.Rec1 Qxe3 
35.fxe3 e4 36.Rf1 b5 37.axb5 Nxb5 38.Rc5 Nd6 39.Rfc1 Kf6 40.Bf1 Ke5 41.b4 
Rf7 42.Be2 h6 43.Rf1 Rd7 44.Rfc1 Ra3 45.R5c3 Rxc3 46.Rxc3 Kxd5 47.Rc5+ Ke6
48.Kg2 Rg7 49.Bd1 Kd7 50.Bc2 Rf7 51.Re5 Re7 52.Rc5 Kd8 53.Bb3 Re8 54.Bd1 
Kc8 55.Be2 Kb7 56.h4 Rg8 57.Kg3 Kb6 58.hxg5 Rxg5 59.Rc1 Rd5 60.Rh1 Rd2 61.
Bf1 Rd1 62.Kf2 Nf7 63.Rh5 Rd6 64.Rf5 Ng5 65.Kg3 Kc6 66.Bg2 Re6 67.Kf4 Kd6 
68.Kg3 Nh7 69.Rf7 Nf6 70.Bf1 Nd7 71.Be2 Ne5 72.Rf4 Nd7 73.Rf5 Nb6 74.Bd1 
Nd7 75.Bc2 c5 76.bxc5+ Nxc5 77.Bd1 Nd3 78.Be2 Kc6 79.g5 hxg5 80.Rxg5 Rd6 
81.Bh5 Kd7 82.Bg6 1/2-1/2

[Event "candidates qf (w)"]
[Site "Dortmund GER"]
[Date "1977.??.??"]
[Round "1.1"]
[White "Levitina, Irina"]
[Black "Kushnir, Alla"]
[Result "0-1"]
[WhiteElo "2325"]
[BlackElo "2390"]
[EventDate "1977.06.10"]
[PlyCount "78"]

1.e4 c6 2.c4 d5 3.exd5 cxd5 4.cxd5 Nf6 5.Nc3 Nxd5 6.d4 e6 7.Nf3 Be7 8.Bd3 
Nc6 9.O-O O-O 10.Re1 Qd6 11.a3 Rd8 12.Ne4 Qc7 13.Bc2 Nf6 14.Be3 Bd7 15.Qd3
g6 16.Bg5 Nd5 17.Ne5 Be8 18.Rac1 Bxg5 19.Nxg5 Qe7 20.Qg3 h6 21.Nxc6 Bxc6 
22.Nf3 Qf6 23.Ne5 Ne7 24.Be4 Bxe4 25.Rxe4 Rac8 26.Rd1 Rc2 27.Rf4 Qxe5 28.
Qf3 Qe2 29.Rxf7 Qxf3 30.Rxf3 Rxd4 31.Re1 Re4 32.Rd1 Nd5 33.Rb3 b6 34.g3 
Ree2 35.Rf3 Rxb2 36.Rc1 Rbc2 37.Rd1 Re5 38.g4 Re4 39.h3 a5 0-1

[Event "candidates qf (w)"]
[Site "Dortmund GER"]
[Date "1977.??.??"]
[Round "1.2"]
[White "Kushnir, Alla"]
[Black "Levitina, Irina"]
[Result "1-0"]
[WhiteElo "2390"]
[BlackElo "2325"]
[EventDate "1977.06.10"]
[PlyCount "91"]

1.d4 Nf6 2.c4 g6 3.Nc3 d5 4.Nf3 Bg7 5.Bf4 O-O 6.e3 c5 7.dxc5 Ne4 8.Be5 
Bxe5 9.Nxe5 Nxc3 10.bxc3 Qc7 11.Qd4 f6 12.Nd3 Nc6 13.Qxd5+ Kg7 14.Be2 Bf5 
15.Nf4 e5 16.Ne6+ Bxe6 17.Qxe6 Rad8 18.Qh3 Qa5 19.O-O Rd2 20.Bf3 Qxc5 21.
Bd5 Qe7 22.e4 Rb2 23.Qe3 Rc8 24.Rfb1 Rxb1+ 25.Rxb1 b6 26.c5 bxc5 27.Rb5 
Nd8 28.a4 Qd6 29.h4 h5 30.a5 Rc7 31.c4 Kh7 32.Qa3 Kg7 33.a6 Kh7 34.Qa5 Kg7
35.Rb8 Nc6 36.Bxc6 Rxc6 37.Rb7+ Kh6 38.Rxa7 Qd1+ 39.Kh2 Qc1 40.Qa2 Rd6 41.
Qe2 Qa3 42.Rf7 Qxa6 43.Qe3+ g5 44.Qf3 Qxc4 45.hxg5+ Kg6 46.Re7 1-0

[Event "candidates qf (w)"]
[Site "Dortmund GER"]
[Date "1977.??.??"]
[Round "1.3"]
[White "Levitina, Irina"]
[Black "Kushnir, Alla"]
[Result "1/2-1/2"]
[WhiteElo "2325"]
[BlackElo "2390"]
[EventDate "1977.06.10"]
[PlyCount "123"]

1.e4 c6 2.d4 d5 3.Nd2 dxe4 4.Nxe4 Bf5 5.Ng3 Bg6 6.Bc4 e6 7.N1e2 Nf6 8.Nf4 
Bd6 9.c3 Qc7 10.Qf3 Nd5 11.Nxg6 hxg6 12.Ne4 Be7 13.g3 Nd7 14.Bd2 N7f6 15.
Ng5 Bd6 16.O-O-O O-O-O 17.Kb1 Nb6 18.Bb3 c5 19.dxc5 Bxc5 20.h4 Nbd5 21.
Rhe1 Rhf8 22.Bc1 Qb6 23.Re2 a5 24.Red2 Rde8 25.Ka1 Re7 26.Ne4 Nxe4 27.Qxe4
Nf6 28.Qe2 Ree8 29.f3 Rd8 30.Qc4 Rxd2 31.Bxd2 Nd5 32.Bg5 Kb8 33.Qe4 Nf6 
34.Bxf6 gxf6 35.Rd7 Qc6 36.Qxc6 bxc6 37.Ba4 Bf2 38.g4 Bxh4 39.Bxc6 f5 40.
gxf5 gxf5 41.Rb7+ Kc8 42.Ra7 Bd8 43.a4 e5 44.Ka2 e4 45.fxe4 fxe4 46.Bxe4 
f5 47.Bf3 Rf6 48.Rh7 f4 49.Kb3 Rb6+ 50.Kc2 Rg6 51.Kd3 Rb6 52.Kc2 Rg6 53.
Kd3 Rb6 54.Rh2 Be7 55.Kc4 Kc7 56.Rh7 Kd8 57.b3 Re6 58.Rf7 Re3 59.Bc6 Bh4 
60.Rxf4 Be1 61.Bd5 Bxc3 62.Kb5 1/2-1/2

[Event "candidates qf (w)"]
[Site "Dortmund GER"]
[Date "1977.??.??"]
[Round "1.4"]
[White "Kushnir, Alla"]
[Black "Levitina, Irina"]
[Result "1-0"]
[WhiteElo "2390"]
[BlackElo "2325"]
[EventDate "1977.06.10"]
[PlyCount "105"]

1.d4 Nf6 2.c4 g6 3.Nc3 d5 4.Nf3 Bg7 5.cxd5 Nxd5 6.Bd2 O-O 7.Rc1 Bg4 8.e3 
e5 9.Qb3 Bxf3 10.gxf3 Nb6 11.dxe5 Bxe5 12.f4 Bg7 13.Bg2 N8d7 14.Ne4 c6 15.
Bb4 Re8 16.Nd6 Re6 17.Bh3 Rxd6 18.Bxd6 Qf6 19.Ba3 Nf8 20.O-O Re8 21.Qd1 
Nd5 22.b3 Nc3 23.Qf3 Ne4 24.Rfd1 Ng5 25.Qg4 Nxh3+ 26.Qxh3 Rd8 27.Bxf8 Bxf8
28.Qg4 Rxd1+ 29.Rxd1 Qb2 30.Qc8 Qxa2 31.Qxb7 Qe2 32.Qd7 Qc2 33.Qd3 Qc5 34.
Qc4 Qf5 35.Rd8 Qg4+ 36.Kf1 Qh3+ 37.Ke1 Qxh2 38.Qc5 Qh1+ 39.Kd2 Qh6 40.Ra8 
Qg7 41.Qe5 a5 42.Qxg7+ Kxg7 43.e4 h5 44.Ke2 Bb4 45.Rc8 c5 46.e5 Kh7 47.Kf3
Kg7 48.Kg3 Kh7 49.Rc7 Kg8 50.f5 g5 51.f6 Bd2 52.Rc8+ Kh7 53.e6 1-0

[Event "candidates qf (w)"]
[Site "Dortmund GER"]
[Date "1977.??.??"]
[Round "1.5"]
[White "Levitina, Irina"]
[Black "Kushnir, Alla"]
[Result "0-1"]
[WhiteElo "2325"]
[BlackElo "2390"]
[EventDate "1977.06.10"]
[PlyCount "80"]

1.e4 c6 2.d4 d5 3.Nd2 dxe4 4.Nxe4 Nd7 5.Bc4 Ngf6 6.Ng5 e6 7.Qe2 Nb6 8.Bd3 
h6 9.N5f3 c5 10.dxc5 Bxc5 11.Ne5 Nbd7 12.Ngf3 Qc7 13.O-O O-O 14.Nxd7 Bxd7 
15.Ne5 Rfd8 16.Bf4 Bd6 17.Rad1 Be8 18.Rfe1 Rac8 19.Bg3 Bxe5 20.Bxe5 Qe7 
21.c4 Bc6 22.a3 Ba4 23.Rc1 Rd7 24.Rc3 a5 25.b3 Bc6 26.Bc2 Rcd8 27.Rg3 Rd2 
28.Qe3 Kf8 29.Bc3 Rxc2 30.Bxa5 Qd7 31.Bb4+ Kg8 32.Qxh6 Ne8 33.Qh4 Qd4 34.
Rg4 Qf6 35.Qg3 Rd4 36.Rxd4 Qxd4 37.h4 Nf6 38.Rf1 Qg4 39.Qxg4 Nxg4 40.Bd6 
Ne3 0-1

[Event "candidates qf (w)"]
[Site "Dortmund GER"]
[Date "1977.??.??"]
[Round "1.6"]
[White "Kushnir, Alla"]
[Black "Levitina, Irina"]
[Result "1/2-1/2"]
[WhiteElo "2390"]
[BlackElo "2325"]
[EventDate "1977.06.10"]
[PlyCount "46"]

1.d4 f5 2.Bg5 d6 3.c3 Nd7 4.e3 Ngf6 5.Nd2 e5 6.Qb3 Be7 7.h4 Ng4 8.Nh3 h6 
9.Bxe7 Qxe7 10.g3 Nb6 11.Bg2 c6 12.Qa3 Be6 13.dxe5 dxe5 14.Qxe7+ Kxe7 15.
e4 Rad8 16.exf5 Bxf5 17.O-O-O Na4 18.Be4 Be6 19.Bc2 Nc5 20.Nb3 Nxb3+ 21.
Bxb3 Bxb3 22.axb3 Rxd1+ 23.Kxd1 Rd8+ 1/2-1/2

[Event "candidates qf (w)"]
[Site "Dortmund GER"]
[Date "1977.??.??"]
[Round "1.7"]
[White "Levitina, Irina"]
[Black "Kushnir, Alla"]
[Result "1-0"]
[WhiteElo "2325"]
[BlackElo "2390"]
[EventDate "1977.06.10"]
[PlyCount "93"]

1.f4 Nf6 2.Nf3 g6 3.d3 Bg7 4.g3 d6 5.Bg2 c5 6.O-O Nc6 7.c3 O-O 8.e4 Rb8 9.
h3 b5 10.g4 b4 11.c4 Ne8 12.f5 Nd4 13.Nbd2 a5 14.Nxd4 Bxd4+ 15.Kh1 Bg7 16.
Nf3 Bd7 17.Qe1 e6 18.Bg5 f6 19.Be3 Nc7 20.Qg3 Qe7 21.d4 Na6 22.fxg6 hxg6 
23.g5 cxd4 24.gxf6 Bxf6 25.Bxd4 e5 26.Qxg6+ Qg7 27.Qxg7+ Kxg7 28.Be3 Rh8 
29.Rad1 Be7 30.Nxe5 Bxh3 31.Nf3 Bxg2+ 32.Kxg2 Rhg8 33.Rd5 Kf7+ 34.Kf2 Nc5 
35.Bxc5 dxc5 36.Ke3 Rb6 37.Rh1 a4 38.Rf5+ Rf6 39.Rh7+ Rg7 40.Ng5+ Kg8 41.
Rxf6 Bxf6 42.Rxg7+ Kxg7 43.Ne6+ Kf7 44.Nxc5 b3 45.axb3 axb3 46.Nd3 Ke6 47.
e5 1-0

[Event "candidates qf (w)"]
[Site "Dortmund GER"]
[Date "1977.??.??"]
[Round "1.8"]
[White "Kushnir, Alla"]
[Black "Levitina, Irina"]
[Result "0-1"]
[WhiteElo "2390"]
[BlackElo "2325"]
[EventDate "1977.06.10"]
[PlyCount "82"]

1.d4 f5 2.g3 Nf6 3.Bg2 g6 4.b3 Bg7 5.Bb2 O-O 6.Nf3 Ne4 7.O-O c5 8.c4 Nc6 
9.e3 e6 10.Qe2 Qf6 11.Nc3 g5 12.Nxe4 fxe4 13.Ne5 d5 14.f3 Nxe5 15.dxe5 Qg6
16.fxe4 dxc4 17.Qxc4 b6 18.Rxf8+ Bxf8 19.Rf1 Qe8 20.Bh3 h5 21.Rd1 g4 22.
Bg2 Bd7 23.Qf1 Bg7 24.Rd6 Bb5 25.Qd1 Bf8 26.Rd2 Bh6 27.Qe1 Rd8 28.Rd6 Bf8 
29.Rxd8 Qxd8 30.Bc3 Bh6 31.Qd2 Qd3 32.Qxd3 Bxd3 33.Kf2 b5 34.Bf1 Bxf1 35.
Kxf1 Bxe3 36.a4 a6 37.axb5 axb5 38.b4 c4 39.Kg2 Kf7 40.h3 gxh3+ 41.Kxh3 
Kg6 0-1

[Event "candidates qf (w)"]
[Site "Dortmund GER"]
[Date "1977.??.??"]
[Round "1.9"]
[White "Levitina, Irina"]
[Black "Kushnir, Alla"]
[Result "0-1"]
[WhiteElo "2325"]
[BlackElo "2390"]
[EventDate "1977.06.10"]
[PlyCount "42"]

1.f4 d5 2.Nf3 g6 3.g3 Bg7 4.Bg2 Nd7 5.O-O e5 6.fxe5 Nxe5 7.Nxe5 Bxe5 8.c4 
dxc4 9.Na3 Ne7 10.Kh1 O-O 11.Nxc4 Bg7 12.d3 c6 13.Bg5 h6 14.Bf4 Nd5 15.Bd2
Bg4 16.Ne3 Nxe3 17.Bxe3 Qd7 18.Qd2 Rfe8 19.Rf2 Rxe3 20.Qxe3 Bd4 21.Qf4 g5 
0-1

[Event "candidates qf (w)"]
[Site "Sochi URS"]
[Date "1977.??.??"]
[Round "1.1"]
[White "Kozlovskaya, Valentina"]
[Black "Fatalibekova, Elena"]
[Result "0-1"]
[WhiteElo "2260"]
[BlackElo "2265"]
[EventDate "1977.04.28"]
[PlyCount "54"]

1.d4 Nf6 2.c4 e6 3.Nc3 Bb4 4.f3 d5 5.a3 Bxc3+ 6.bxc3 c5 7.cxd5 Nxd5 8.dxc5
Qa5 9.e4 Ne7 10.Be3 Qxc3+ 11.Kf2 O-O 12.Ne2 Qa5 13.Qb3 f5 14.Nf4 Kh8 15.
Nxe6 Bxe6 16.Qxe6 Nbc6 17.Qc4 fxe4 18.Qb5 Qc3 19.Rc1 Qe5 20.Qc4 Nd5 21.Re1
exf3 22.gxf3 Rxf3+ 23.Kxf3 Rf8+ 24.Kg2 Nxe3+ 25.Rxe3 Qxe3 26.Qe2 Qg5+ 27.
Kh3 Nd4 0-1

[Event "candidates qf (w)"]
[Site "Sochi URS"]
[Date "1977.??.??"]
[Round "1.2"]
[White "Fatalibekova, Elena"]
[Black "Kozlovskaya, Valentina"]
[Result "1-0"]
[WhiteElo "2265"]
[BlackElo "2260"]
[EventDate "1977.04.28"]
[PlyCount "79"]

1.e4 c5 2.Nf3 Nc6 3.d4 cxd4 4.Nxd4 Nf6 5.Nc3 d6 6.Bg5 e6 7.Qd2 a6 8.O-O-O 
h6 9.Be3 Bd7 10.f4 b5 11.Bd3 Nxd4 12.Bxd4 Be7 13.Kb1 Bc6 14.Qe3 b4 15.Ne2 
Qc7 16.e5 dxe5 17.Bxe5 Qa5 18.Nd4 Bd5 19.Nb3 Qa4 20.Rhg1 Rc8 21.g4 Nd7 22.
Bxg7 Rg8 23.Bd4 Qc6 24.g5 hxg5 25.fxg5 a5 26.h4 a4 27.Nc1 Nc5 28.Rd2 b3 
29.cxb3 axb3 30.a3 Nxd3 31.Nxd3 Qa4 32.Rc1 Rxc1+ 33.Kxc1 Bd6 34.Kb1 Qc4 
35.Nc1 Kd7 36.Qc3 Qf1 37.Rf2 Qd1 38.Rxf7+ Ke8 39.Re7+ Bxe7 40.Qc7 1-0

[Event "candidates qf (w)"]
[Site "Sochi URS"]
[Date "1977.??.??"]
[Round "1.3"]
[White "Kozlovskaya, Valentina"]
[Black "Fatalibekova, Elena"]
[Result "1/2-1/2"]
[WhiteElo "2260"]
[BlackElo "2265"]
[EventDate "1977.04.28"]
[PlyCount "124"]

1.d4 Nf6 2.c4 b6 3.Nc3 Bb7 4.Qc2 d5 5.cxd5 Nxd5 6.Nf3 e6 7.e4 Nxc3 8.bxc3 
Nd7 9.Bd3 c5 10.O-O Be7 11.a4 Qc7 12.Qe2 O-O 13.Bd2 Rac8 14.Rfb1 e5 15.d5 
c4 16.Bc2 Ba6 17.Be3 Nc5 18.Ne1 Bd6 19.Kh1 Rce8 20.Rd1 Qe7 21.Qh5 g6 22.
Qh6 f6 23.Rab1 Qd7 24.Qh4 Bc8 25.Ra1 Qg4 26.Qxg4 Bxg4 27.f3 Bd7 28.Rdb1 f5
29.h3 h5 30.Kh2 Rf7 31.Rd1 Kg7 32.Bxc5 Bxc5 33.Bb1 h4 34.Rd2 a6 35.Re2 Kf6
36.Nc2 fxe4 37.Rxe4 b5 38.axb5 axb5 39.Ne3 Kg7 40.Ng4 Bf5 41.Re2 b4 42.Be4
b3 43.Ree1 Ra7 44.Rad1 Bxe4 45.fxe4 Rf8 46.d6 Rd8 47.Rd5 b2 48.Rb1 Ra1 49.
Rdd1 Rxb1 50.Rxb1 Rxd6 51.Rxb2 Rd1 52.g3 hxg3+ 53.Kxg3 Rd3+ 54.Kg2 Rxc3 
55.Rb7+ Kf8 56.Nxe5 Rc2+ 57.Kf3 Ke8 58.Rb8+ Ke7 59.Rc8 Rc3+ 60.Kg2 Bd6 61.
Nxc4 Rg3+ 62.Kf2 Rxh3 1/2-1/2

[Event "candidates qf (w)"]
[Site "Sochi URS"]
[Date "1977.??.??"]
[Round "1.4"]
[White "Fatalibekova, Elena"]
[Black "Kozlovskaya, Valentina"]
[Result "1/2-1/2"]
[WhiteElo "2265"]
[BlackElo "2260"]
[EventDate "1977.04.28"]
[PlyCount "98"]

1.e4 c5 2.Nf3 Nc6 3.d4 cxd4 4.Nxd4 Nf6 5.Nc3 d6 6.Bg5 e6 7.Qd2 a6 8.O-O-O 
Bd7 9.f4 Be7 10.Nf3 b5 11.Bxf6 gxf6 12.g3 b4 13.Ne2 Qb6 14.Bh3 a5 15.f5 e5
16.Nh4 Bf8 17.Ng2 a4 18.Kb1 Qc5 19.Qd5 Rc8 20.Qxc5 dxc5 21.Ne3 Nd4 22.Nxd4
cxd4 23.Nd5 Be7 24.Nb6 Rb8 25.Nxd7 Kxd7 26.Bf1 Rhc8 27.b3 axb3 28.cxb3 Rc3
29.Bc4 Ke8 30.Rd3 Bf8 31.g4 Bh6 32.Rhd1 Ke7 33.Rxc3 dxc3 34.Rd5 Bf4 35.h3 
Ra8 36.Bd3 h5 37.Be2 c2+ 38.Kxc2 Rxa2+ 39.Kd1 Ra1+ 40.Kc2 Ra2+ 41.Kd1 Ra1+
42.Kc2 Rc1+ 43.Kb2 Rh1 44.Bb5 Rh2+ 45.Kb1 h4 46.Rd3 Rh1+ 47.Kb2 Rh2+ 48.
Kb1 Kf8 49.Bc4 Ke7 1/2-1/2

[Event "candidates qf (w)"]
[Site "Sochi URS"]
[Date "1977.??.??"]
[Round "1.5"]
[White "Kozlovskaya, Valentina"]
[Black "Fatalibekova, Elena"]
[Result "0-1"]
[WhiteElo "2260"]
[BlackElo "2265"]
[EventDate "1977.04.28"]
[PlyCount "58"]

1.d4 Nf6 2.c4 e6 3.Nf3 b6 4.Nc3 Bb7 5.e3 d5 6.cxd5 exd5 7.Bb5+ c6 8.Bd3 
Nbd7 9.O-O Be7 10.Rb1 c5 11.a3 a5 12.a4 O-O 13.Bd2 Ne4 14.Qc2 f5 15.Ne5 
Nxe5 16.dxe5 Qc7 17.f4 Rad8 18.Be1 Qc6 19.Nb5 d4 20.exd4 cxd4 21.Qxc6 Bxc6
22.Rd1 Bd5 23.Nc7 Bb3 24.Rc1 Rc8 25.Ba6 d3 26.Bxc8 Rxc8 27.Rf3 d2 28.Bxd2 
Nxd2 29.Rd3 Bb4 0-1